| 000 | 00914nam a2200301 a 4500 | ||
|---|---|---|---|
| 005 | 20191224041600.0 | ||
| 008 | 140227b1998 ck ||||| |||| 00| 0 spa d | ||
| 041 | _aspa | ||
| 044 | _ack | ||
| 090 |
_aLB _b01347 |
||
| 100 |
_aOspina Ospina, Héctor Fabio _911891 |
||
| 110 |
_bCentro Nacional de Investigación de Café "Pedro Uribe Mejía" _911892 |
||
| 245 |
_aCenicafé _bciencia y tecnología cafetera colombiana |
||
| 250 | _a2 ed. | ||
| 260 |
_aChinchiná (Caldas) _bCenicafé _c1998 |
||
| 300 | _a40 p. | ||
| 650 |
_aCENICAFE _911213 |
||
| 650 |
_aConservación del suelo _98351 |
||
| 650 |
_aArvenses _911893 |
||
| 650 |
_aPlagas _93536 |
||
| 650 |
_aProducción _911894 |
||
| 650 |
_aPublicaciones _97681 |
||
| 650 |
_aInvestigación científica _911895 |
||
| 650 |
_aInvestigación tecnológica _96705 |
||
| 650 |
_aInvestigación agrícola _98221 |
||
| 662 | _aColombia | ||
| 942 |
_cImpreso _2z |
||
| 999 |
_c1355 _d1355 |
||